Shiksha ke siddhant evam shikshan vidhyan (Record no. 1393981)

MARC details
000 -LEADER
fixed length control field 00603nam a2200217Ia 4500
005 - DATE AND TIME OF LATEST TRANSACTION
control field 20250508165233.0
008 - FIXED-LENGTH DATA ELEMENTS--GENERAL INFORMATION
fixed length control field 008 250505s9999 xx 000 0 hin d
020 ## - INTERNATIONAL STANDARD BOOK NUMBER
International Standard Book Number 978-0-8204-7905-7
037 ## - SOURCE OF ACQUISITION
Stock number Textual
040 ## - CATALOGING SOURCE
Original cataloging agency FEDL
Language of cataloging eng
Transcribing agency FEDL
041 ## - LANGUAGE CODE
Language code of text/sound track or separate title hin
Source of code eng
084 ## - COLON CLASSIFICATION NUMBER
Classification number 371.3, JAG
Assigning agency FEDL
100 ## - MAIN ENTRY--PERSONAL NAME
Personal name Jagdish Chander
245 #0 - TITLE STATEMENT
Title Shiksha ke siddhant evam shikshan vidhyan
260 ## - PUBLICATION, DISTRIBUTION, ETC.
Place of publication, distribution, etc. Delhi, India
Name of publisher, distributor, etc. Anshah Publishing House
Date of publication, distribution, etc. 2010
300 ## - PHYSICAL DESCRIPTION
Extent 231p.
365 ## - TRADE PRICE
Price type code INR
Price amount 595
700 ## - ADDED ENTRY--PERSONAL NAME
Personal name Gupta Suman
9 (RLIN) 780239
942 ## - ADDED ENTRY ELEMENTS (KOHA)
Koha item type Textual
Classification part 371.3, JAG
Holdings
Withdrawn status Lost status Damaged status Not for loan Home library Current library Date acquired Cost, normal purchase price Total Checkouts Full call number Barcode Date last seen Price effective from Koha item type
        Department of Education Library Department of Education Library 2025-05-08 595.00   371.3, JAG EL0087620 2025-05-08 2025-05-08 Textual
Copyright @ Delhi University Library System